| 000 | 00814 a2200241 4500 | ||
|---|---|---|---|
| 001 | 118631 | ||
| 020 | _a9788524921544 | ||
| 020 | _q(broch.) | ||
| 041 | _apor | ||
| 082 | _a028.5 | ||
| 100 | _aCaruso, Carla. | ||
| 250 | _a1. ed. | ||
| 520 | _aAlguns bichos pulam para caçar. Outros, para escapar. Muitos, como tantas crianças, para se divertir. A verdade é que quase sempre um pulo surpreende. Veja os golfinhos, macacos, grilos e até algumas pulgas em pleno ar... | ||
| 521 | _aSK | ||
| 697 | _aLiteratura infantojuvenil | ||
| 856 | _u000031/0000317c.jpg | ||
| 040 |
_aBR-BrIDEA _cBR-BrIDEA |
||
| 090 |
_aA SK 028 _bCAR |
||
| 245 | 1 | 0 |
_aPulo de bicho _cCarla Caruso ; ilustrações da autora |
| 260 |
_aSão Paulo _bCortez _c2014 |
||
| 300 |
_a[32] p. _bil. _e20.6 x 20.4 x 0.4 cm |
||
| 942 | _cBK | ||
| 999 |
_c118631 _d118631 |
||